Les 50... Star Wars - Statistiques

Statistiques générales
  • Ce quiz a été pris 344 fois
  • Le résultat moyen est 32 sur 50
Statistiques - réponses
Par images Réponse % Correct
Anakin Skywalker
99%
Han Solo
98%
R2-D2
97%
Yoda
97%
Obi-Wan Kenobi
96%
Princesse Leia
96%
Dark Maul
95%
Palpatine
95%
Chewbacca
93%
Padmé Amidala
93%
Jar Jar Binks
92%
Mace Windu
92%
Boba Fett
91%
Jabba le Hutt
91%
C-3PO
90%
Dark Vador
89%
Rey
88%
BB-8
87%
Jango Fett
87%
Luke Skywalker
87%
Kylo Ren
86%
Finn
85%
Qui-Gon Jinn
80%
Poe Dammeron
75%
Comte Dooku
74%
Leader Snoke
73%
Amiral Ackbar
71%
Lando Calrissian
70%
Grogu
66%
Tarkin
63%
Capitaine Phasma
59%
Greedo
54%
Bail Organa
53%
Plo Koon
51%
Ki-Adi-Mundi
47%
Kit Fisto
47%
Rose Tico
39%
Maz Kanata
38%
Jyn Erso
37%
Bossk
34%
Wicket
33%
Din Djarin
32%
Barriss Offee
24%
Qi'ra
23%
Adi Gallia
17%
Lor San Tekka
11%
Sio Bibble
7%
Bobbajo
3%
Garindan
3%
Terak
0%
Aucun quiz correspondant
Distribution des résultats
% des personnes avec chaque résultat
Percentile par nombre de réponses
Votre historique - résultats
Vous n’avez pas pris ce quiz